000 01407nam a2200361 a 4500
001 ebr10167784
003 CaPaEBR
006 m u
007 cr cn|||||||||
008 060331s2006 njua s 001 0 eng
010 _z 2006010753
020 _z0813539692 (pbk. : alk. paper)
020 _z9780813539690
040 _aCaPaEBR
_cCaPaEBR
035 _a(OCoLC)191953092
043 _an-us-nj
050 1 4 _aF135
_b.R67 2006eb
082 0 4 _a917.49/044
_222
100 1 _aRosenfeld, Lucy D.,
_d1939-
245 1 0 _aHistory walks in New Jersey
_h[electronic resource] :
_bexploring the heritage of the Garden State /
_cLucy D. Rosenfeld, Marina Harrison.
260 _aNew Brunswick, N.J. :
_bRivergate Books,
_cc2006.
300 _ax, 221 p. :
_bill.
500 _aIncludes index.
533 _aElectronic reproduction.
_bPalo Alto, Calif. :
_cebrary,
_d2013.
_nAvailable via World Wide Web.
_nAccess may be limited to ebrary affiliated libraries.
650 0 _aHistoric sites
_zNew Jersey
_vGuidebooks.
650 0 _aWalking
_zNew Jersey
_vGuidebooks.
651 0 _aNew Jersey
_xHistory, Local
_vGuidebooks.
651 0 _aNew Jersey
_vTours.
655 7 _aElectronic books.
_2local
700 1 _aHarrison, Marina,
_d1939-
710 2 _aebrary, Inc.
856 4 0 _uhttp://site.ebrary.com/lib/rucke/Doc?id=10167784
_zAn electronic book accessible through the World Wide Web; click to view
999 _c136589
_d136589